| 000 | | | 03734cbm0a2200265#x 450 |
| 001 | | | d0896d4b-1ace-4920-93d0-f97a5cfcb69e |
| 005 | | | 20221005114927.0 |
| 100 | ## | $a | 20221004j19410622k###0rusy50 ca |
| 101 | 0# | $a | rus |
| 102 | ## | $a | RU |
| 105 | ## | $a | y###z######## |
| 122 | 0# | $a | d19410622## |
| 200 | 1# | $a | Послание Патриаршего местоблюстителя митрополита Московского и Коломенского Сергия (Страгородского) с благословлением защитников Родины |
| | $j | 22 июня 1941 г. |
| 251 | ## | $c | Документ |
| 300 | ## | $a | Подлинник |
| 461 | #0 | $1 | 2001 |
| | $a | Ф. 9324 |
| | $1 | 251 |
| | $c | Фонд |
| | $1 | 852 |
| | $j | 9324 |
| 462 | #0 | $1 | 2001 |
| | $a | Оп. 1 |
| | $1 | 251 |
| | $c | Опись |
| | $1 | 852 |
| | $j | 1 |
| 462 | #0 | $1 | 2001 |
| | $a | Д. 5 |
| | $v | Л. 1-3 |
| | $1 | 251 |
| | $c | Дело |
| | $1 | 852 |
| | $j | 5 |
| 605 | ## | $2 | prlib_sh |
| | $3 | LIBNET\UAF\0000088514 |
| | $a | Вторая мировая война в архивных документах (Комплекс оцифрованных архивных документов, кино- и фотоматериалов) |
| | $l | коллекция |
| 686 | ## | $a | 63.3(2)622ю1 |
| | $v | LBC/M |
| | $2 | rubbk |
| 801 | #0 | $a | RU |
| | $b | ПБ им. Б.Н. Ельцина |
| | $c | 20221004 |
| 801 | #1 | $a | RU |
| | $b | ПБ им. Б.Н. Ельцина |
| | $c | 20221004 |
| | $2 | rusmarc |
| 801 | #2 | $a | RU |
| | $b | ПБ им. Б.Н. Ельцина |
| | $c | 20221005 |
| | $2 | rusmarc |
| 850 | ## | $a | Центральный государственный архив Санкт-Петербурга |
| 852 | ## | $a | ЦГА СПб |
| | $j | Л. 1-3 |
| 035 | ## | $a | LIBNET\0001274960 |
| 937 | ## | $d | 179682893 |
| | $h | Федеральное архивное агентство |
| 856 | 4# | $u | http://readingroom.main.prlib.ru/item.aspx?id_node=n179682893&mode=full |